| 000 | 00915nam a22002657a 4500 | ||
|---|---|---|---|
| 001 | 10061 | ||
| 003 | FISKH | ||
| 005 | 20260402144329.0 | ||
| 008 | 260402b cb ||||| |||| 00| 0 eng d | ||
| 040 |
_aFISKH _beng _cFISKH _dFISKH |
||
| 050 | _aT15 .H73 | ||
| 082 | _a609 | ||
| 100 | _aHooper, Meredith | ||
| 245 |
_aEveryday inventions / _cCover illustrations by Geoff Hocking ; Text illustrations by Robin Lawrie |
||
| 250 | _aThis edition published in 1975 | ||
| 260 |
_aLondon : _bA Piccolo Book, _c1972 |
||
| 300 |
_a144 pages ; _billustrations ; _c20 cm |
||
| 505 | _aO | ||
| 520 | _aPresents the history of thirty-three inventions such as the zipper, typewriter, and barbed wire that have had great impact on the world. | ||
| 521 | 8 |
_a608
_bLexile estimate |
|
| 521 | 8 |
_aO
_bRaz-Plus |
|
| 650 |
_aHistory of Technology _vNon-fiction _xScience |
||
| 942 |
_2ddc _cBK _n0 |
||
| 999 |
_c10061 _d10061 |
||